01101aab a2200205 i 4500001001000000003001000010005001700020008004100037040004100078041000800119100002800127245005100155300006200206520047000268653001900738773010100757942000800858945001200866999001700878768714001CO-MdFUSB20250304165725.0170812b1988 cr ||||| |||| 00| 0 sp d aCO-MdFUSBbspacCO-MdFUSBdCO-MdFUSB aspa1 aSimpson, Charleseautor13aEl mandamiento de restaurarc/ Charles Simpson aVolumen 1. Número 7 (1988), páginas 127-130c: 28 cm. aEl llamado en este pasaje es a enfrentar el pecado con gracia, humildad y restauración, siguiendo el ejemplo de Jesús. La iglesia debe ser un lugar donde los creyentes puedan encontrar redención y restauración, en lugar de ser un espacio de condena y juicio. La restauración de un hermano caído debe ser el objetivo de aquellos que son espirituales, con la esperanza de que la gracia de Dios se manifieste en el proceso de sanación y reconciliación. aRestauración0 tConquista Cristiana049446960346gVolumen 1. Número 7 (1988), páginas 127-130qPágina 127 cANA aJTF-925 c50380d50380